Bytový dom

Saved in:
Bibliographic Details
Main Author: Duchová, Dominika (Author)
Other Authors: Minarovičová, Katarína (Thesis advisor)
Format: Manuscript Book
Language:Slovak
Published: 2024
Subjects:
Online Access:http://is.stuba.sk/zp/portal_zp.pl?podrobnosti=161850
https://opac.crzp.sk/?fn=detailBiblioForm&sid=E866CA411CD4E51497BE8469BB2C
Tags: Add Tag
No Tags, Be the first to tag this record!

MARC

LEADER 00000ntm a22000003a 4500
001 stuzp98830
003 SK-STU
005 20240916143321.9
007 ta
008 150427s2015----xo-----f-mn---000-0-slo-d
040 |a STU  |b slo 
041 0 |a slo 
100 1 |a Duchová, Dominika  |u 010180  |4 aut  |U SvF Stavebná fakulta  |T SvF Katedra konštrukcií pozemných stavieb  |X 110113  |U V180  |Y 18  |7 110113 
242 0 1 |a Residential building  |y eng 
245 1 0 |a Bytový dom 
260 |c 2024 
650 4 |a novostavba  |2 slo 
650 4 |a bytový dom  |2 slo 
650 4 |a byt  |2 slo 
650 4 |a projekt na realizáciu stavby  |2 slo 
650 4 |a apartment house  |2 eng 
650 4 |a flat  |2 eng 
650 4 |a new-building  |2 eng 
650 4 |a a project for building realization  |2 eng 
700 1 |a Minarovičová, Katarína  |u 010180  |k Z1  |4 ths  |U SvF Stavebná fakulta  |T SvF Katedra konštrukcií pozemných stavieb  |X 773  |U V180  |Y 18  |7 A000000773 
856 4 |u http://is.stuba.sk/zp/portal_zp.pl?podrobnosti=161850 
856 4 |u https://opac.crzp.sk/?fn=detailBiblioForm&sid=E866CA411CD4E51497BE8469BB2C